Reminiscences of my life (Record no. 87030)

MARC details
000 -LEADER
fixed length control field 00789cam a2200229 4500
001 - CONTROL NUMBER
control field D13997
008 - FIXED-LENGTH DATA ELEMENTS--GENERAL INFORMATION
fixed length control field 071126s1928 xxko f 000 0ceng
035 ## - SYSTEM CONTROL NUMBER
System control number (Sirsi) u12734
041 ## - LANGUAGE CODE
Language code of text/sound track or separate title eng
050 04 - LIBRARY OF CONGRESS CALL NUMBER
Classification number 920 $2 18
100 1# - MAIN ENTRY--PERSONAL NAME
Personal name Sturge, Elizabeth
245 00 - TITLE STATEMENT
Title Reminiscences of my life
Remainder of title and some account of the children of William and Charlotte Sturge and of the Sturge family of Bristol
260 ## - PUBLICATION, DISTRIBUTION, ETC.
Place of publication, distribution, etc. [Bristol]
Name of publisher, distributor, etc. [Elizabeth Sturge]
Date of publication, distribution, etc. 1928
300 ## - PHYSICAL DESCRIPTION
Extent x, 202 p.
Other physical details ill.
Dimensions 23 cm.
350 ## - PRICE (NR) (BK AM CF MU VM SE) [OBSOLETE]
Price 0
520 ## - SUMMARY, ETC.
Summary, etc. An autobiography which includes an account of the Sturge family and the origins of the firm of J.P. Sturge & Sons.
610 24 - SUBJECT ADDED ENTRY--CORPORATE NAME
Corporate name or jurisdiction name as entry element J. P. Sturge and Sons
651 #4 - SUBJECT ADDED ENTRY--GEOGRAPHIC NAME
Geographic name Bristol
690 ## - LOCAL SUBJECT ADDED ENTRY--TOPICAL TERM (OCLC, RLIN)
Topical term or geographic name as entry element ABOUT RICS-RICS MEMBERS-CHARTERED SURVEYORS
942 ## - ADDED ENTRY ELEMENTS (KOHA)
Suppress in OPAC 0
948 ## - LOCAL PROCESSING INFORMATION (OCLC); SERIES PART DESIGNATOR (RLIN)
c (OCLC) 04/03/1997
Holdings
Withdrawn status Lost status Source of classification or shelving scheme Damaged status Not for loan Home library Current library Shelving location Date acquired Total Checkouts Full call number Barcode Date last seen Copy number Price effective from Koha item type
    Other/Generic Classification Scheme     London London Reference copy 14/09/1999   920 STU 30022426 06/08/2019 1 06/08/2019 Book